000 00637nam a2200241Ia 4500
003 OSt
005 20220912153118.0
006 a|||||r|||| 00| 0
007 ta
008 220909b |||||||| |||| 00| 0 eng d
024 _a20752
037 _cTextual
040 _aCSL
_beng
_cCSL
041 _aeng
082 _aB2811, M2
100 _aElworthy K D
245 0 _aStochastic differential equations on manifolds
300 _ap.
_ccm.
490 _aLondon mathematical society lecture note series; 70
650 _aStochastic processes
942 _hB2811, M2
_cTEXL
_2CC
999 _c98216
_d98216